|
|
|
|
| LEADER |
00780nab a2200229 i 4500 |
| 001 |
publ26181 |
| 005 |
20230113140117.0 |
| 008 |
230113s2022 hu o 0|| Magyar d |
| 022 |
|
|
|a 2560-2667
|
| 024 |
7 |
|
|a 33560027
|2 mtmt
|
| 040 |
|
|
|a SZTE Publicatio Repozitórium
|b hun
|
| 041 |
|
|
|a Magyar
|
| 100 |
1 |
|
|a Salamon András
|
| 245 |
1 |
3 |
|a Az életminőség szempontjából kulcsfontosságú eszközös terápiák Parkinson-kórban
|h [elektronikus dokumentum] /
|c Salamon András
|
| 260 |
|
|
|c 2022
|
| 300 |
|
|
|a 18-19
|
| 490 |
0 |
|
|a NEUROLÓGIAI PRAXIS
|v 5 No. 2
|
| 650 |
|
4 |
|a Klinikai orvostan
|
| 700 |
0 |
1 |
|a Szpisjak László
|e aut
|
| 700 |
0 |
1 |
|a Zádori Dénes
|e aut
|
| 700 |
0 |
1 |
|a Klivényi Péter
|e aut
|
| 856 |
4 |
0 |
|u http://publicatio.bibl.u-szeged.hu/26181/7/33560027.pdf
|z Dokumentum-elérés
|